000 00520nam a22001577a 4500
003 OSt
005 20151101110430.0
008 151101b xxu||||| |||| 00| 0 eng d
040 _cRUA
082 _aFOR បូយ 1990 B115 Or.1
100 _93134
_aបូយ តាន់សុធារិទ្ធ
245 _aការដាំព្រៃឡើងវិញនៅបន្ទាយអង្គរ ខេត្តតាកែវ
260 _aPhnom Penh
_bRUA
_c1990
300 _a99p.
_bill.
_c29cm.
942 _2ddc
_cFOR
999 _c2922
_d2922